Il problema delle persone giuridiche in diritto romano
Gardado en:
| Autor Principal: | |
|---|---|
| Formato: | Libro |
| Idioma: | Lingua italiana |
| Publicado: |
Turín
G. Giappichelli
1968
|
| Subjects: | |
| Tags: |
Engadir etiqueta
Sen Etiquetas, Sexa o primeiro en etiquetar este rexistro!
|
MARC
| LEADER | 00000nam a2200000 a 4500 | ||
|---|---|---|---|
| 001 | UCR1277 | ||
| 003 | CL-VaPUC | ||
| 008 | 971212e19680000IT |||||||||||||||||ita|d | ||
| 082 | 0 | 4 | |a 340.54 |b ORE |2 21 |
| 100 | |a Orestano, Riccardo |e autore |9 395812 | ||
| 245 | 1 | 3 | |a Il problema delle persone giuridiche in diritto romano |
| 300 | |a 336 p | ||
| 942 | |c BK | ||
| 945 | |d 19971212 00:00:00 |a aolguin | ||
| 260 | |a Turín |b G. Giappichelli |c 1968 | ||
| 650 | 0 | |a Derecho romano |9 255930 | |
| 650 | 7 | |a PERSONA |2 CL-VaPUC |9 327934 | |
| 650 | 0 | |a Personas jurídicas |9 257259 | |
| 650 | 7 | |a TEORIA |2 CL-VaPUC |9 398350 | |
| 650 | 7 | |a PROBLEMA |2 CL-VaPUC |9 397601 | |
| 650 | 7 | |a FUENTES |2 CL-VaPUC |9 255666 | |
| 650 | 0 | |a Historia |9 255047 | |
| 650 | 0 | |a Relación jurídica |9 381220 | |
| 583 | |a last modification |c 19971212 00:00:00 |k Rodrigo Vera | ||
| 999 | |c 264752 |d 264750 | ||
| 952 | |0 0 |1 0 |4 0 |6 340_540000000000000_ORE_1968 |7 0 |8 DER_ROM |9 295159 |a BIBDER |b BIBDER |d 2019-11-19 |i 1920650 |l 1 |o 340.54 ORE 1968 |p 1920650 |r 2023-01-25 |s 2022-07-12 |w 2019-11-19 |x Ubicación 4to piso |y BK |z Este recurso debe solicitarse con anticipación |k DER | ||